| 000 | 01365nam0a22002771 4500 | ||
|---|---|---|---|
| 001 | rc\2363614 | ||
| 005 | 20260408001923.0 | ||
| 035 | _a(NLR Aleph) 006478943 | ||
| 090 |
_a6013187 _c6013187 |
||
| 100 | _a20110829d1977 |||y0rusy50 ca | ||
| 101 | 0 | _arus | |
| 102 | _aRU | ||
| 105 | _ay z ||||| | ||
| 200 | 1 |
_aОптические покрытия как фактор управления поглощательной и излучательной способностью твердых тел; их разработка и исследование _fН.С. Лидоренко, Г.Ф. Мучник, М.М. Колтун, Ю.А. Комаров _gV-ECTPS-76. Москва, 18-21 мая 1976 г. 2 секция "Трансп. свойства" |
|
| 210 |
_a[Москва _cБ. и. _d1977] |
||
| 215 |
_a11 с. _cграф. _d30 |
||
| 701 | 1 |
_aКомаров _bЮ.А. |
|
| 701 | 1 |
_aКолтун _bМ.М. |
|
| 701 | 1 |
_aМучник _bГ.Ф. |
|
| 701 | 1 |
_aЛидоренко _bН.С. _gНиколай Степанович |
|
| 712 | 1 | 2 |
_aЕвропейская конференция по теплофизическим свойствам веществ при высоких температурах _d5 _f1976 _eМосква _3RU\NLR\AUTH\8810166250 _9828494 |
| 801 | 0 |
_aRU _bNLR _gpsbo |
|
| 801 | 1 |
_aRU _bELAR _2rusmarc |
|
| 852 |
_aNLR _j77-8/1477 |
||
| 942 | _cBOOK | ||
| 980 | _aNB | ||